000 00913nam a2200205Ii 4500
003 JO-AjNU
008 230605s9999||||xx |||||||||||||| ||und||
017 _a1986/837
040 _aJO-AjNU
_bara
_erda
_cJO-AjNU
041 _aara
050 1 4 _aT57.6.M3924 1986
100 3 _aتأليف عادل، مازن بكر، م.مشارك محمد كامل عليوه ، م.مشارك جميل حنا حبشي,
_eauthor
_957225
245 0 0 _aبحوث العمليات للادارة الهندسية =Operations Research for Mangement Engineering
264 3 1 _aبغداد: وزارة التعليم العالي والبحث العلمي، 1986
300 _a502ص
_bيحتوي مسرد مصطلحات و ببلوغرافية من ص 474-502ص
336 _atext
_btxt
_2rdacontent
337 _aunmediated
_bn
_2rdamedia
338 _avolume
_bnc
_2rdacarrier
650 4 _aالهندسة- ادارة -بحوث
_957226
999 _aA25630
_c29198
_d29198